| 000 | 00482nam a22001577a 4500 | ||
|---|---|---|---|
| 999 |
_c9282 _d9282 |
||
| 008 | 210401b ||||| |||| 00| 0 eng d | ||
| 040 | _aBMS College of Architecture | ||
| 100 | _aRao, Surabhi | ||
| 245 | _aHigh court Bench at Navanagar | ||
| 300 | _a41p. | ||
| 500 | _a1BM00AT032 | ||
| 502 |
_8Project report _NBMS College of Architecture, Visvesvaraya Technological University _aProject report _d2004 |
||
| 650 | _aNavanagar | ||
| 700 |
_aMamatha P Raj _eGuide |
||
| 942 |
_2ddc _cTHE |
||